00398 a2200145 4500245004700000020001500047650001200062005001700074260002100091084002000112300005200132500002100184490003000205999001700235 aRome, Britain, and the Anglo-Saxonshprint a1852640227 aHistory20191021100128.0 aenkbSeabyc1992 aDA152 .H54 1992 a263 p. : ill. b 24 cm.c263 p. : ill. ; 24 cm. aNicholas Higham. aThe Archaeology of change c13107d13107